[Event "Bohumin op-A 8th"]
[Site "Bohumin"]
[Date "2025.07.04"]
[Round "8"]
[White "Helis, Tadeusz"]
[Black "Posluszny, Tomasz"]
[Result "1-0"]
[WhiteElo "2157"]
[BlackElo "2025"]
[PlyCount "65"]
[EventDate "2025.06.28"]
[EventType "swiss"]
[EventRounds "9"]
[EventCountry "CZE"]
[SourceTitle "CB28_2025"]
[SourceDate "2025.07.09"]
[SourceVersion "1"]
[SourceVersionDate "2025.07.09"]
[SourceQuality "1"]

1. c4 c5 2. Nc3 Nc6 3. Nf3 g6 4. g3 Bg7 5. Bg2 d6 6. d3 Rb8 7. 0-0 a6 8. a4 Bd7 9. Bd2 Nh6 10. e4 Bg4 11. h3 Bxf3 12. Qxf3 Nd4 13. Qd1 e6 14. Rb1 Qb6 15. b3 f5 16. Ne2 0-0 17. Nxd4 cxd4 18. exf5 Nxf5 19. b4 Qc7 20. b5 Rfe8 21. Qf3 axb5 22. Rxb5 d5 23. Bf4 e5 24. Qxd5+ Kh8 25. Bd2 Nd6 26. Rb3 Red8 27. Rfb1 b6 28. Qc6 Qxc6 29. Bxc6 e4 30. c5 e3 31. Be1 Nc8 32. Bg2 Be5 33. cxb6 1-0

[Event "Bohumin op-A 8th"]
[Site "Bohumin"]
[Date "2025.06.28"]
[Round "1"]
[White "Posluszny, Tomasz"]
[Black "Prokofyev, Valentyn"]
[Result "0-1"]
[WhiteElo "2025"]
[BlackElo "2426"]
[PlyCount "66"]
[EventDate "2025.06.28"]
[EventType "swiss"]
[EventRounds "9"]
[EventCountry "CZE"]
[SourceTitle "CB28_2025"]
[SourceDate "2025.07.09"]
[SourceVersion "1"]
[SourceVersionDate "2025.07.09"]
[SourceQuality "1"]

1. Nf3 c5 2. c4 g6 3. g3 Bg7 4. Bg2 Nc6 5. 0-0 d6 6. Nc3 Rb8 7. d3 a6 8. Ne1 Bd7 9. a4 Nh6 10. Nc2 Nf5 11. Bd2 0-0 12. Ra3 Nb4 13. Ne3 Nd4 14. a5 Ndc6 15. Ned5 e6 16. Nb6 Be8 17. Bxc6 Nxc6 18. Nca4 f5 19. e3 g5 20. b4 cxb4 21. Rb3 Nxa5 22. Rxb4 Nc6 23. Rb1 Ne5 24. Bc3 g4 25. Bxe5 dxe5 26. Qe2 Bc6 27. c5 Qe8 28. Nc3 Bf3 29. Qa2 Rf6 30. Qa4 Qh5 31. h4 Rh6 32. Qd7 Qxh4 33. gxh4 Rxh4 0-1

[Event "Bohumin op-A 7th"]
[Site "Bohumin"]
[Date "2024.06.30"]
[Round "2"]
[White "Posluszny, Tomasz"]
[Black "Buchtova, Viktorie"]
[Result "1-0"]
[WhiteElo "2027"]
[BlackElo "1917"]
[PlyCount "67"]
[EventDate "2024.06.29"]
[EventType "swiss"]
[EventRounds "9"]
[EventCountry "CZE"]
[SourceTitle "CBM 221 Extra"]
[Source "ChessBase"]
[SourceDate "2024.09.30"]
[SourceVersion "1"]
[SourceVersionDate "2024.09.30"]
[SourceQuality "1"]

1. e4 c5 2. Nc3 Nc6 3. Bb5 g6 4. Bxc6 bxc6 5. f4 Bg7 6. Nf3 Nf6 7. d3 0-0 8. 0-0 d6 9. Qe1 Nd7 10. Rb1 e5 11. Qg3 Ba6 12. Be3 Re8 13. Qh3 Qc7 14. f5 Nf8 15. g4 c4 16. d4 exd4 17. Bxd4 Bxd4+ 18. Nxd4 d5 19. Rbd1 Red8 20. Qh6 Rd7 21. Rf2 Bb7 22. exd5 cxd5 23. Rdf1 Qc5 24. Nce2 Rc8 25. Kh1 Rcc7 26. c3 Qb6 27. Nf4 Qf6 28. fxg6 Qg7 29. Qxg7+ Kxg7 30. Nh5+ Kxg6 31. Rf6+ Kg5 32. Nf3+ Kxg4 33. Rg1+ Kxh5 34. Rg5# 1-0

[Event "Bohumin op-A 7th"]
[Site "Bohumin"]
[Date "2024.06.30"]
[Round "3"]
[White "Roessler, Ulrike"]
[Black "Posluszny, Tomasz"]
[Result "1/2-1/2"]
[WhiteElo "2096"]
[BlackElo "2027"]
[PlyCount "109"]
[EventDate "2024.06.29"]
[EventType "swiss"]
[EventRounds "9"]
[EventCountry "CZE"]
[SourceTitle "CBM 221 Extra"]
[Source "ChessBase"]
[SourceDate "2024.09.30"]
[SourceVersion "1"]
[SourceVersionDate "2024.09.30"]
[SourceQuality "1"]

1. e4 e5 2. Nf3 Nc6 3. Bc4 Nf6 4. d3 h6 5. 0-0 d6 6. c3 g5 7. Re1 Bg7 8. b4 0-0 9. Bb3 Re8 10. Na3 d5 11. Bb2 a6 12. Qe2 Bg4 13. Nc2 dxe4 14. dxe4 Nh5 15. Ne3 Nf4 16. Qc4 Be6 17. Nd5 g4 18. Nd2 Ne7 19. Qxc7 Bxd5 20. Qxd8 Raxd8 21. exd5 Nd3 22. Reb1 Nxb2 23. Rxb2 Nxd5 24. Ne4 Nc7 25. Rd1 Rxd1+ 26. Bxd1 Rd8 27. Bb3 Kf8 28. Kf1 Ke7 29. Ke2 f5 30. Ng3 Rf8 31. Nh5 Bh8 32. a4 Rd8 33. Ng3 Kf6 34. Nf1 Ne6 35. g3 Ng5 36. Ne3 Ne4 37. Rc2 Bg7 38. Bd5 Nd6 39. c4 f4 40. Nxg4+ Kg5 41. f3 fxg3 42. hxg3 Nf5 43. Kf2 b5 44. Ne3 Nd4 45. Ra2 bxc4 46. Bxc4 Rf8 47. Kg2 Rxf3 48. Nc2 Kg4 49. Nxd4 Rxg3+ 50. Kf2 exd4 51. Bxa6 d3 52. Kf1 Bc3 53. Rg2 Rxg2 54. Kxg2 Bxb4 55. Bxd3 1/2-1/2

[Event "Bohumin op-A 6th"]
[Site "Bohumin"]
[Date "2023.07.03"]
[Round "3"]
[White "Chylewski, Patryk"]
[Black "Posluszny, Tomasz"]
[Result "1-0"]
[WhiteElo "2290"]
[BlackElo "1975"]
[PlyCount "97"]
[EventDate "2023.07.01"]
[EventType "swiss"]
[EventRounds "9"]
[EventCountry "CZE"]
[SourceTitle "CBM 215 Extra"]
[Source "ChessBase"]
[SourceDate "2023.09.30"]
[SourceVersion "1"]
[SourceVersionDate "2023.09.30"]
[SourceQuality "1"]

1. d4 d5 2. c4 e6 3. Nc3 c5 4. cxd5 cxd4 5. Qxd4 Nc6 6. Qd1 exd5 7. e3 Nf6 8. Nf3 Bc5 9. Be2 0-0 10. 0-0 a6 11. Na4 Ba7 12. Nd4 Ne4 13. Nxc6 bxc6 14. Nc3 Nf6 15. Qc2 Qe7 16. Qa4 Bb7 17. Bf3 Rfd8 18. Ne2 Ne4 19. Ng3 Nxg3 20. hxg3 c5 21. Bd2 d4 22. Rab1 Bxf3 23. gxf3 Qb7 24. Kg2 Rd6 25. Qc4 Re8 26. e4 Qb5 27. b3 Rd7 28. Rbc1 h6 29. Rh1 Red8 30. Rh5 Qxc4 31. Rxc4 d3 32. Ra4 Rd6 33. Rh1 Kh7 34. f4 R8d7 35. Kf3 f6 36. Rd1 g5 37. f5 Kg7 38. g4 Kf7 39. Be3 c4 40. Rxc4 Bxe3 41. Kxe3 d2 42. Rc2 Rd3+ 43. Ke2 R3d4 44. f3 h5 45. Rcxd2 Rxd2+ 46. Rxd2 Rxd2+ 47. Kxd2 h4 48. Ke3 a5 49. a3 1-0

[Event "POL-ch Universities"]
[Site "Bydgoszcz"]
[Date "2023.03.10"]
[Round "3"]
[White "Szpar, Milosz"]
[Black "Posluszny, Tomasz"]
[Result "1-0"]
[WhiteElo "2447"]
[BlackElo "1954"]
[PlyCount "91"]
[EventDate "2023.03.10"]
[EventType "swiss"]
[EventRounds "9"]
[EventCountry "POL"]
[SourceTitle "CBM 213 Extra"]
[Source "ChessBase"]
[SourceDate "2023.05.31"]
[SourceVersion "1"]
[SourceVersionDate "2023.05.31"]
[SourceQuality "1"]

1. e4 e5 2. Nf3 Nc6 3. Bb5 a6 4. Ba4 g6 5. d4 exd4 6. Nxd4 Bg7 7. Nxc6 bxc6 8. Nc3 Ne7 9. 0-0 0-0 10. Bb3 d6 11. Bf4 h6 12. Qd2 Kh7 13. Rad1 Be6 14. Rfe1 Bxb3 15. axb3 g5 16. Be3 Ng6 17. Ne2 Be5 18. Nd4 Qf6 19. c3 c5 20. Nf5 Ne7 21. Qd3 a5 22. Ra1 c6 23. Ra3 Nxf5 24. exf5 Rfe8 25. g3 Kg7 26. Rea1 Reb8 27. Qc2 Qd8 28. Ra4 Kf8 29. h4 Bf6 30. Rg4 gxh4 31. Bxh6+ Ke7 32. Bf4 Kd7 33. Bxd6 Rb7 34. Rd1 Kc8 35. Bxc5 Rd7 36. Rxd7 Qxd7 37. Bd4 Bxd4 38. Rxd4 Qe7 39. Rxh4 Kb7 40. Re4 Qg5 41. Kg2 Rh8 42. Qd3 Qf6 43. Qd7+ Kb6 44. Re7 Rh5 45. Qa7+ Kb5 46. Rb7# 1-0

[Event "EU-ch Blitz"]
[Site "Katowice"]
[Date "2021.12.17"]
[Round "22"]
[White "Luberanski, Jakub"]
[Black "Posluszny, Tomasz"]
[Result "1/2-1/2"]
[WhiteElo "2166"]
[BlackElo "2048"]
[PlyCount "106"]
[EventDate "2021.12.17"]
[EventType "swiss (blitz)"]
[EventRounds "22"]
[EventCountry "POL"]
[SourceTitle "CBM 205 Extra"]
[Source "ChessBase"]
[SourceDate "2022.01.31"]
[SourceVersion "1"]
[SourceVersionDate "2022.01.31"]
[SourceQuality "1"]

1. d4 d5 2. c4 e6 3. Nc3 a6 4. cxd5 exd5 5. Nf3 c6 6. Bg5 Be7 7. Bxe7 Nxe7 8. e3 Bf5 9. Qb3 b5 10. Be2 Nd7 11. 0-0 0-0 12. Rfc1 Qb6 13. Qd1 h6 14. a3 Qb7 15. Nd2 Nc8 16. b4 Nd6 17. Nb3 Nc4 18. Bxc4 bxc4 19. Na5 Qc7 20. e4 Be6 21. exd5 cxd5 22. Qf3 Nb6 23. Ne2 g5 24. Nb3 Qe7 25. Nc5 f5 26. Nc3 Qd6 27. Re1 Rae8 28. Re5 f4 29. Rae1 Bf7 30. Rxe8 Rxe8 31. Rxe8+ Bxe8 32. Nxa6 Qf6 33. Qd1 Bg6 34. Nc5 g4 35. Qxg4 Kh7 36. Qd1 Bd3 37. Nxd3 Qxd4 38. Ne2 Qxd3 39. Qxd3+ cxd3 40. Nc3 Nc4 41. Kf1 Nxa3 42. Nxd5 Nc2 43. Nxf4 Nxb4 44. Ke1 Kg7 45. Kd2 Kf6 46. Nxd3 Nd5 47. g3 Kf5 48. Ke2 Kg4 49. h4 Nc3+ 50. Ke3 Nd1+ 51. Ke4 Nxf2+ 52. Nxf2+ Kxg3 53. h5 Kh4 1/2-1/2

[Event "Jastrzebie Zdroj op 4th"]
[Site "Jastrzebie Zdroj"]
[Date "2021.11.09"]
[Round "4"]
[White "Posluszny, Tomasz"]
[Black "Niedbala, Bartlomiej"]
[Result "0-1"]
[WhiteElo "2034"]
[BlackElo "2382"]
[PlyCount "114"]
[EventDate "2021.11.07"]
[EventType "swiss"]
[EventRounds "9"]
[EventCountry "POL"]
[SourceTitle "CBM 205 Extra"]
[Source "ChessBase"]
[SourceDate "2022.01.31"]
[SourceVersion "1"]
[SourceVersionDate "2022.01.31"]
[SourceQuality "1"]

1. Nf3 d5 2. e3 Nf6 3. b3 Bf5 4. Bb2 e6 5. d4 Nbd7 6. Bd3 Ne4 7. a3 Bd6 8. c4 c6 9. Nc3 Bg6 10. h4 Nxc3 11. Bxc3 Bh5 12. Be2 0-0 13. Nd2 Bxe2 14. Qxe2 Re8 15. Nf3 dxc4 16. Qxc4 Qe7 17. Bb2 Rac8 18. b4 Nb6 19. Qc2 Qf6 20. Ng5 Qf5 21. 0-0-0 Qxc2+ 22. Kxc2 f5 23. Nf3 Ra8 24. Kb3 a5 25. Ra1 Nd5 26. Bc3 Ra6 27. Nd2 b5 28. e4 Nxc3 29. Kxc3 Rea8 30. Rab1 axb4+ 31. axb4 Ra2 32. e5 Be7 33. Rb3 Kf7 34. g3 Rd8 35. Rd1 Kg6 36. f3 Rd7 37. Rdb1 Bd8 38. R3b2 Ra4 39. Rd1 Be7 40. Rb3 Ra2 41. Rdb1 Kh5 42. R3b2 Ra4 43. Rb3 Rd8 44. Rg1 Kg6 45. Rgb1 Rd5 46. Rg1 Bd8 47. Rd1 Ra2 48. Nf1 Rf2 49. Kd3 Rxf3+ 50. Ne3 Rxg3 51. Ke2 Rd7 52. Rc3 f4 53. h5+ Kxh5 54. Rh1+ Kg6 55. Rxc6 Rxe3+ 56. Kf2 Rxd4 57. Rxe6+ Kf5 0-1